000 00747nam a22002537a 4500
001 2056
005 20240430121312.0
020 _a9780439095532
040 _aFISKH
_beng
_cFISKH
_dFISKH
050 _aF592.S85
082 _a978.02
100 _aSullivan, George
245 _aLewis and clark:
_bin their own words /
_cGeorge Sullivan
260 _aNew York :
_bScholastic,
_c2000
300 _a128 pages :
_c20 cm
505 _aT
520 _aRecounts the story of the Lewis and Clark Expedition to explore the uncharted western wilderness, placing it in its historical context.
521 _a790
_bLexile
521 _aS
_bRaz-plus
650 _2native american
650 _2american history
650 _2indian
942 _2lcc
_cBK
_n0
999 _c2056
_d2056